Angus & Julia Stone Discography - Statistics

General Stats
  • This quiz has been taken 15 times
  • The average score is 62 of 110
Answer Stats
Hint Answer % Correct
Angus & Julia Stone A Heartbreak
100%
And the Boys | Down the Way And the Boys
100%
Snow Baudelaire
100%
Big Jet Plane | Down the Way Big Jet Plane
100%
Down the Way Black Crow
100%
Cape Forestier Cape Forestier
100%
Snow Cellar Door
100%
Snow Chateau
100%
Angus & Julia Stone Crash and Burn
100%
Down the Way Draw Your Swords
100%
Down the Way For You
100%
Angus & Julia Stone Get Home
100%
Angus & Julia Stone Grizzly Bear
100%
Life Is Strange Heavy Gets Light
100%
Down the Way Hold On
100%
Life Is Strange Love Song
100%
A Book Like This Mango Tree
100%
Snow Nothing Else
100%
Snow Oakwood
100%
Single Passionfruit
100%
A Book Like This Private Lawns
100%
A Book Like This Silver Coin
100%
Snow Snow
100%
A Book Like This | The Beast The Beast
100%
Cape Forestier The Wedding Song
100%
Angus & Julia Stone Wherever You Are
100%
Snow Who Do You Think You Are
100%
Single Youngblood
100%
A Book Like This A Book Like This
67%
A Book Like This All the Colours
67%
Angus & Julia Stone All This Love
67%
A Book Like This Bella
67%
Snow Bloodhound
67%
Life Is Strange Blue
67%
Cape Forestier City of Lights
67%
Cape Forestier Down To The Sea
67%
Angus & Julia Stone Heart Beats Slow
67%
A Book Like This Heart Full of Wine
67%
A Book Like This | Hollywood Hollywood
67%
Life Is Strange In My Arms
67%
A Book Like This Johnny and June
67%
A Book Like This | Just a Boy Just a Boy
67%
Just a Boy Little Bird
67%
Angus & Julia Stone Main Street
67%
Snow My House Your House
67%
Cape Forestier My Little Anchor
67%
Big Jet Plane | The Beast My Malakai
67%
Down the Way On the Road
67%
Down the Way Santa Monica Dream
67%
Snow Sleep Alone
67%
The Beast Soldier
67%
Snow Sylvester Stallone
67%
And the Boys Take You Away
67%
Down the Way The Devil's Tears
67%
Single The Hanging Tree
67%
A Book Like This Wasted
67%
Down the Way Yellow Brick Road
67%
Big Jet Plane You're The One That I Want
67%
A Book Like This Babylon
33%
A Book Like This Choking
33%
Cape Forestier County Sign
33%
A Book Like This Here We Go Again
33%
Hollywood Horse and Cart
33%
Down the Way Hush
33%
Down the Way I'm Not Yours
33%
Hollywood I'm Yours
33%
Cape Forestier I Want You
33%
Angus & Julia Stone Little Whiskey
33%
Life Is Strange Living Underground
33%
A Book Like This Lonely Hands
33%
Cape Forestier Losing You
33%
Snow Make It out Alive
33%
Cape Forestier No Boat No Aeroplane
33%
Angus & Julia Stone Other Things
33%
A Book Like This Paper Aeroplane
33%
Angus & Julia Stone Please You
33%
Hollywood Purple Skivvy
33%
Hollywood Red Berries
33%
Angus & Julia Stone Roses
33%
A Book Like This Sadder Than You
33%
Cape Forestier Sitting In Seoul
33%
Cape Forestier Somehow
33%
Just a Boy Stranger
33%
Cape Forestier The Wonder Of You
33%
Down the Way Walk It Off
33%
Just a Boy What You Wanted
33%
Just a Boy All of Me
0%
Just a Boy Another Day
0%
And the Boys Change
0%
Angus & Julia Stone Death Defying Acts
0%
Angus & Julia Stone Do Without
0%
Hollywood Fooled Myself
0%
Life Is Strange Forever For Us
0%
Life Is Strange For Remembering
0%
Life Is Strange From a Dream
0%
Angus & Julia Stone From the Stalls
0%
A Book Like This Jewels and Gold
0%
Life Is Strange Let Me Know
0%
Big Jet Plane Living On A Rainbow
0%
The Beast Lonely Goat
0%
Angus & Julia Stone My Word For It
0%
Life Is Strange Take Me Home
0%
Life Is Strange Tears
0%
Life Is Strange When Was That
0%
No matching quizzes found
Score Distribution
Percent of People with Each Score
Percentile by Number Answered
Your Score History
You have not taken this quiz